Logo BPK

Biblioteka

Politechniki Koszalińskiej

Ciągniki rolnicze / (Rekord nr 1881)

Szczegóły MARC
000 -ETYKIETA REKORDU
podpole kontrolne o stałej długości 00546nam a2200181 i 4500
001 - NUMER KONTROLNY REKORDU
pole kontrolne bg
040 ## - ŹRÓDŁO KATALOGOWANIA
Instytucja, która utworzyła rekord BPK
041 ## - KOD JĘZYKA
Kod języka tekstu pol
080 ## - UNIWERSALNA KLASYFIKACJA DZIESIĘTNA - UKD
UKD 631.3:629.114.2(073.3)
008 - POLE O STAŁEJ DŁUGOŚCI - DANE KONTROLNE
podpole kontrolne o stałej długości s pl f |000 0 pol
100 1# - NAZWA OSOBOWA
Nazwa osobowa GADOMSKI, Wacław
245 #0 - TYTUŁ/ODPOWIEDZIALNOŚĆ
Tytuł Ciągniki rolnicze /
Pozostałe elementy strefy tytułu i oznaczenia odpowiedzialności Wacław Gadomski, Stanisław Mróz.
250 ## - STREFA WYDANIA
Oznaczenie wydania [Wyd. 9].
260 ## - STREFA ADRESU WYDAWNICZEGO
Miejsce wydania [Warszawa] :
Nazwa wydawcy/dystrybutora Wydawn. Szk. i Ped.,
Data publikacji, dystrybucji/powstania dokumentu ]1983].
300 ## - STREFA OPISU FIZYCZNEGO
Objętość s. 283, nlb. 1 :
Inne cechy fizyczne ilustr., rys., tab., tabl., nlb. kolor. 5 [w tym] nlb. luźn. 1.
700 1# - HASŁO DODATKOWE - NAZWA OSOBOWA
Nazwa osobowa MRÓZ, Stanisław
856 ## - LOKALIZACJA I DOSTĘP DO ELEKTRONICZNYCH DOKUMENTÓW ZDALNYCH
Link (URL) http://koha.tu.koszalin.pl/cgi-bin/koha/opac-detail.pl?biblionumber=1881
Tekst linku Katalog online BPK
942 ## - DODATKOWE ELEMENTY (KOHA)
Typ dokumentu Książka
Egzemplarze
Wycofany Status egzemplarza Uszkodzony Dostępność Lokalizacja stała Lokalizacja bieżąca Miejsce przechowywania Sygnatura Kod kreskowy Ostatnio wypożyczono Typ dokumentu
      Dostępny Biblioteka Politechniki Koszalińskiej Biblioteka Politechniki Koszalińskiej Wypożyczalnia BG P 32260 01206883 01.03.2018 Książka
© 2023 Biblioteka Politechniki Koszalińskiej :: KOHA